000 00457nam a2200181Ia 4500
001 15742
005 20260306170218.0
008 260306t2018||||xx |||||||||||||| ||und||
041 _aESP
082 _a604.2
_bG343A 2018
100 _aGiesecke, Frederick E.
_eAUT
245 0 _aDibujo técnico con gráficas de ingeniería
260 _c2018
300 _axxii, 621 páginas :
_c27 cm.
650 _aGEN
654 _aCAU
942 _cLIB
_dJUS
_fJUS
_2ddc
_n
999 _c15742
_d15742